Tercera parte. Ser verde jams̀ fue tan redituable, cadena de suministro

में बचाया:
ग्रंथसूची विवरण
अन्य लेखक: Canal PerspectivaSintec / YouTube
स्वरूप: पुस्तक
भाषा:स्पेनिश
विषय:
ऑनलाइन पहुंच:Tercera parte. Ser verde jams̀ fue tan redituable, cadena de suministro
टैग: टैग जोड़ें
कोई टैग नहीं, इस रिकॉर्ड को टैग करने वाले पहले व्यक्ति बनें!

MARC

LEADER 00000nam a22000004a 4500
001 vpro9917
005 20201223000000.0
008 160430s2016 ck # g## #001 0#spa#d
020
022
040 |a CO-BoINGC 
041 0 |a spa 
245 1 0 |a Tercera parte. Ser verde jams̀ fue tan redituable, cadena de suministro 
246 |a Third Part. Being Green Has Never Been so Profitable: Chain Supply 
264 |a Bogot ̀(Colombia) :  |b Revista VirtualPRO,  |c 2016 
520 3
650 \ \ |a LogƯ̕stica 
650 \ \ |a Logistics 
650 \ \ |a logs̕tica 
650 \ \ |a cadena de suministro 
650 \ \ |a gestin̤ de cadena de suministro 
650 \ \ |a logistics 
650 \ \ |a supply chain 
650 \ \ |a supply chain management  
700 \ \ |a Canal PerspectivaSintec / YouTube 
856 |z Tercera parte. Ser verde jams̀ fue tan redituable, cadena de suministro  |u https://virtualpro.unach.elogim.com/biblioteca/tercera-parte-ser-verde-jamas-fue-tan-redituable-cadena-de-suministro